000
00297nam a22001337a 4500
008
190227b xxu||||| |||| 00| 0 eng d
020
_a
9780316314664
041
_a
eng
080
_a
615.83
100
_a
8
101
_a
EGZ
245
_a
The Joy of Reflexology
_c
Gillanders,A
942
_2
udc
_c
BK
999
_c
54327
_d
54327